Reducing stress
| Main Author: | |
|---|---|
| Corporate Author: | |
| Format: | Book |
| Published: |
London :
Dorling Kindersley ,
1998
|
| Series: | Essential managers
|
| Subjects: |
MARC
| LEADER | 00000cam a2200000 7i4500 | ||
|---|---|---|---|
| 001 | 0000012417 | ||
| 005 | 20071214.0 | ||
| 008 | 071214 | ||
| 020 | |a 0751305286 | ||
| 090 | 0 | 0 | |a 155.9042 |b HIN |
| 100 | 1 | |a Hindle, Tim | |
| 245 | 1 | 0 | |a Reducing stress |c Tim Hindle |
| 260 | |a London : |b Dorling Kindersley , |c 1998 | ||
| 440 | |a Essential managers | ||
| 650 | 0 | |a English fiction | |
| 650 | 0 | |a Health aspects | |
| 650 | 0 | |a Relaxation | |
| 650 | 0 | |a Stress (Psychology) | |
| 650 | 0 | |a Stress management | |
| 710 | 0 | |a Title | |
| 999 | |a 0001003804 |b Book |c Adult Collection |e Perbadanan Perpustakaan Awam Johor | ||